| 000 | 00637nam a22002057a 4500 | ||
|---|---|---|---|
| 999 |
_c15540 _d15540 |
||
| 003 | AR-CdUCM | ||
| 008 | 190429b ||||| |||| 00| 0 spa d | ||
| 040 |
_aMUNICIPALIDAD PROVINCIAL DEL CUSCO _cBIBLIOTECA MUNICIPAL DEL CUSCO |
||
| 082 |
_a791.53 / _bR94 |
||
| 100 |
_aRuiz, Pepe _934642 |
||
| 245 | _aPoesía, Títeres trashumantes / | ||
| 260 | _bEdiciones taller de titeres Otto Freitas. | ||
| 300 |
_a17 páginas : _bIlustraciones, _c15 cm. |
||
| 505 | _aContenido: Poesía peruana. | ||
| 650 |
_aPoesía peruana _9806 |
||
| 650 |
_aTíteres _913473 |
||
| 650 |
_aPerú _935 |
||
| 942 |
_2ddc _cLIBROS |
||
| 945 |
_adavv _d29/04/2019 |
||